Analýza nástrojů zemědělské dotační politiky - aplikace produkčních funkcí
Teoretické vymedzenie ekologického poľnohospodárstva a jeho dotačná podpora. Aplikácia produkčnej funkcie a hraničnej produkčnej funkcie.
Saved in:
| Main Author: | |
|---|---|
| Other Authors: | |
| Format: | Book Chapter |
| Language: | Czech |
| Subjects: | |
| Tags: |
No Tags, Be the first to tag this record!
|
MARC
| LEADER | 00000naa a2200000 4500 | ||
|---|---|---|---|
| 001 | 0125614 | ||
| 005 | 20231121105501.9 | ||
| 041 | 0 | |a cze | |
| 044 | |a CZ | ||
| 245 | 1 | 0 | |a Analýza nástrojů zemědělské dotační politiky - aplikace produkčních funkcí |c Zdeňka Kroupová, Michal Malý |
| 520 | |a Teoretické vymedzenie ekologického poľnohospodárstva a jeho dotačná podpora. Aplikácia produkčnej funkcie a hraničnej produkčnej funkcie. | ||
| 610 | 2 | 0 | |a Česko |
| 610 | 2 | 0 | |a dotácie |
| 610 | 2 | 0 | |a funkcie produkčné |
| 610 | 2 | 0 | |a politika poľnohospodárska |
| 610 | 2 | 0 | |a politika ekologická |
| 100 | 1 | |a Kroupová, Zdeňka | |
| 700 | 1 | |a Malý, Michal | |